00438nam a2200181 a 4500001001300000003000900013005001700022008004100039020000900080082001600089100001800105245002100123260003500144300000900179500003500188505001500223700001800238nice12345678IN_TiNIC20260116015146.0050524s1996 hyda grp 000 0 eng  ac3000a303.66bBHA aBhave, Vinoba aAhimsa Ki Talash aHyderabadbGandhi Darsanc1996 a277p aincludes index and biblioraphy2 aAppendices1 aBhave, Vinoba